| 000 | 01009cab a2200373 4500 | ||
|---|---|---|---|
| 001 | ABS59053 | ||
| 008 | 090401t1998 xxu||||| |||| 00| 0 eng d | ||
| 035 | _a(Sirsi) u87870 | ||
| 041 | _aeng | ||
| 245 | _aFocus `98: Residential | ||
| 260 | _c1998 | ||
| 350 | _a0 | ||
| 490 |
_aEstates Gazette _v(9831) 1 August 1998, 47-59(7) |
||
| 520 | _aSpecial report covering housing trends, the design of the `house of the future`, and residential land values. | ||
| 650 | _aBROWNFIELD DEVELOPMENT | ||
| 650 |
_aBUILDING REGULATIONS _96224 |
||
| 650 | _aDEMAND | ||
| 650 | _aDESIGN | ||
| 650 | _aDEVELOPMENT | ||
| 650 | _aENERGY EFFICIENCY | ||
| 650 | _aHOUSE PRICES | ||
| 650 | _aLAND VALUES | ||
| 650 | _aPLANNING | ||
| 650 | _aPOPULATION PROJECTIONS | ||
| 650 | _aREGIONAL VARIATIONS | ||
| 650 | _aRESIDENTIAL SECTOR | ||
| 650 | _aRETIREMENT HOMES | ||
| 650 | _aSOCIAL HOUSING | ||
| 650 | _aSUPPLY | ||
| 650 | _aTRENDS | ||
| 690 | _aHOUSING | ||
| 942 | _n0 | ||
| 948 | _c05/08/1998 | ||
| 999 |
_c55462 _d55462 |
||